| 000 | 00575nam a22001937a 4500 | ||
|---|---|---|---|
| 999 |
_c10484 _d10484 |
||
| 003 | AR-CdUCM | ||
| 008 | 190401b ||||| |||| 00| 0 spa d | ||
| 040 |
_aMUNICIPALIDAD PROVINCIAL DEL CUSCO _cBIBLIOTECA MUNICIPAL DEL CUSCO |
||
| 082 |
_24ed. _aES / 792 / _bL26 |
||
| 100 |
_aLarran de Vere, A. _917114 |
||
| 245 | _aEl Teatro en la Escuela / | ||
| 260 |
_aBuenos Aires : _bAtlántida ; _c1960. |
||
| 300 |
_a172 páginas _c20cm |
||
| 505 | _aContenido: Teatro | ||
| 650 |
_aTeatro _9173 |
||
| 650 |
_aLiteratura juvenil _91580 |
||
| 942 |
_2ddc _cLIBROS |
||
| 945 | _anom | ||